1722 1795 1890 1135 1348 1269 1857 1972 1732 1322 1852 1952 1413 1395 1068 1738 1639 1864 1242 1017 1461 1394 1141 1403 1289 1618 1654 1264 1443 1409 1566 1302 1679 1734 1164 1512 1037 1944 1271 1052 1072 1701 1238 1794 1623 1194 1349 1393 1662 1950 1878 1453 1368 1093 1743 1199 1815 1542 1864 1736 1538 1676 1426 1916 1195 1915 1327 1988 1763 1334 1226 1322 1433 1094 1199 1784 1759 1625 1528 1272 1407 1796 1554 1429 1864 1823 1296 1130 1008 1026 1054 1946 1270 1999 1112 1522 1458 1253 1100 BCNSPRNW ULIB Ver.6.0+V

เปลี่ยนเป็นภาษาไทย

Change to English
 แสดงรายละเอียดบรรณานุกรม
  กลับหน้าหลัก

Brief Record : Get Marc (ISO 2709) : E-mail record : QR code < ปิดหน้าต่าง
LEADER : 00000nam 2200000uu 4500
001    13399124187
003     ULIB
008    150125s2557||||th 000 0 tha d
020    ^a9786162711701
060  4 ^aWB115^bอ641
100    ^aศรัณยู สุวรรณอักษร
245    ^aอายุรศาสตร์ ฉลาดเลือกChoosing Wisely in Internal Medicine/^cศรัณยู สุวรรณอักษร
260    ^aสงขลา :^bบัยตุลพริ้นติ้ง,^c2557
300    ^a236 หน้า
500    ^aความเปลี่ยนแปลง ความท้าทาย และทางเลือกในการรักษาอาการปวดศีรษะ สารน้ำกู้ชีพเลือกอย่างไรถึงจะเหมาะสม การดูแลรักษาผู้ป่วยถูกงูพิษกัด แนวทางการดูแลรักษาผู้ป่วยสะเก็ดเงินอย่างชาญฉลาด การพิจารณาให้การรักษาแก่ผู้ป่วยไวรัสตับอักเสบบีเรื้อรัง การแปลผลภาพรังสีทรวงอกที่ผิดปกติอย่างมีหลักการการสืบค้นในโรคทางรูมาติก ดูต่อหรือส่งต่อผู้ป่วย วิธีรักษาผู้ป่วยเบาหวานอย่างชาญฉลาด การป้องกันภาวะกระดูกพรุนจากการใช้ยาสเตียรอยด์
650    ^aอายุรศาสตร์-รวมเรื่อง^xการวินิจฉัยโรค
945    ^p320^l0^i038875
945    ^p320^l0^i038876
945    ^p320^l0^i038878
945    ^p320^l0^i038879
945    ^p320^l0^i038880
999    ^aเกษร โพธิ์สุวรรณ
รายการนี้ยังไม่มีแท็ก
คุณยังไม่ได้ล็อกอิน คุณสามารถมีกิจกรรมร่วมกับเว็บไซต์ได้ แต่ต้องล็อกอินก่อน ::
  ล็อกอิน

รายการสื่อสารสนเทศ

ลำดับที่ ประเภท เลขเรียก/บาร์โค้ด สถานที่ สถานะ
1. วิทยาศาสตร์การแพทย์ และสุขภาพ
วิทยาศาสตร์การแพทย์ และสุขภาพ
สถานะ=หนังสือเก่า
WB115 อ641 ฉ.1 
  Barcode: 038875
ห้องสมุดวิทยาเขตสวรรค์ประชารักษ์
►ส่วนจัดเก็บหนังสือเก่า สปร
บนชั้น
  ขอยืม
2. วิทยาศาสตร์การแพทย์ และสุขภาพ
วิทยาศาสตร์การแพทย์ และสุขภาพ
สถานะ=หนังสือเก่า
WB115 อ641 ฉ.2 
  Barcode: 038876
ห้องสมุดวิทยาเขตสวรรค์ประชารักษ์
►ส่วนจัดเก็บหนังสือเก่า สปร
บนชั้น
  ขอยืม
3. วิทยาศาสตร์การแพทย์ และสุขภาพ
วิทยาศาสตร์การแพทย์ และสุขภาพ
สถานะ=หนังสือเก่า
WB115 อ641 ฉ.3 
  Barcode: 038878
ห้องสมุดวิทยาเขตสวรรค์ประชารักษ์
►ส่วนจัดเก็บหนังสือเก่า สปร
บนชั้น
  ขอยืม
4. วิทยาศาสตร์การแพทย์ และสุขภาพ
วิทยาศาสตร์การแพทย์ และสุขภาพ
สถานะ=หนังสือเก่า
WB115 อ641 ฉ.4 
  Barcode: 038879
ห้องสมุดวิทยาเขตสวรรค์ประชารักษ์
►ส่วนจัดเก็บหนังสือเก่า สปร
บนชั้น
  ขอยืม
5. วิทยาศาสตร์การแพทย์ และสุขภาพ
วิทยาศาสตร์การแพทย์ และสุขภาพ
สถานะ=หนังสือเก่า
WB115 อ641 ฉ.5 
  Barcode: 038880
ห้องสมุดวิทยาเขตสวรรค์ประชารักษ์
►ส่วนจัดเก็บหนังสือเก่า สปร
บนชั้น
  ขอยืม

รายการใกล้เคียง
    ผู้แต่ง [ศรัณยู สุวรรณอักษร]

BibComment


ยังไม่เคยถูกคอมเมนท์

คอมเมนท์ทรัพยากรรายการนี้
  คอมเมนท์: อายุรศาสตร์ ฉลาด..


 Copyright 2026. Bcnsprnw @Library